000 00320nam a22001337a 4500
008 170825b xxu||||| |||| 00| 0 eng d
020 _a9780321055644
041 _aeng
080 _29 ED
_a070
100 _a39
101 _aMED
245 _aTHE INTERPERSONAL COMMUNICATION BOOK
_cDEVITO.J.A
942 _2udc
_cBK
999 _c25085
_d25085